Least Populous Country of Asia per Letter Minefield Quiz Stats

 Plays Quiz Updated Nov 7, 2016

Score 0/20 Timer 07:00
1 Play Today
Letter Country % Correct
Y???
60.7%
Q???
57.1%
O???
55.7%
B???
40.4%
J???
37.3%
V???
35.5%
A???
35.1%
I???
34.6%
M???
33.8%
K???
32.1%
Letter Country % Correct
G???
31.7%
U???
26.9%
T???
26.8%
L???
25.4%
C???
24.9%
P???
23.2%
S???
23.1%
R???
17.6%
N???
15.8%
Mines???
6.8%

You're not logged in!

Compare scores with friends on all Sporcle quizzes.
OR
Log In

You Might Also Like...

Show Comments

Extras

Top Quizzes Today


Score Distribution

Your Account Isn't Verified!

In order to create a playlist on Sporcle, you need to verify the email address you used during registration. Go to your Sporcle Settings to finish the process.

Report this User

Report this user for behavior that violates our Community Guidelines.

Details: